• 首页
  • 本馆介绍
  • 公告通知
  • 最新文献
  • 馆藏检索
  • 电子资源
  • 读者导购
  • 参考咨询
  • 我的图书馆
  • 登录
  • 详细信息显示
  • 放入我的书架
  • 预约/预借图书
  • 作者相关作品
  • 分类相关作品
  • 丛书相关作品
  • 出版社相关作品

书目信息

  • 表格格式
  • 工作单格式
  • 卡片格式
题名:
马列文论研究
    
 
作者: ;全国马列文艺论著研究会 主编
分册: 第三集  
出版信息: 北京   中国人民大学出版社  1982
页数: 274页
开本: 21cm
丛书名:
单 册:
中图分类: A8
科图分类:
主题词: 马克思主义、列宁主义、毛泽东思想--学习 , 马克思主义、列宁主义、毛泽东思想--研究
电子资源:
ISBN:
000 00802nam0 2200253 45
001 0182005001
005 20070709101217.25
010    @dCNY0.83
091    @a10011.35
100    @a19950624f1982 em y0chiy0121 ea
101 0  @achi
102    @aCN@b110000
105    @ay z 000yy
200 10 @a马列文论研究@Ama lie wen lun yan jiu@h第三集@f全国马列文艺论著研究会主编@FQuan Guo Ma Lie Wen Yi Lun Zhu Yan Jiu Hui Zhu Bian
210    @a北京@c中国人民大学出版社@d1982
215    @a274页@d21cm
300    @a马克思恩格斯现实主义理论研究专集
606 0  @a马克思主义、列宁主义、毛泽东思想@x学习
606    @a马克思主义、列宁主义、毛泽东思想@x研究
690    @aA8@v3
711 02 @a全国马列文艺论著研究会@4主编
801  2 @aCN@bNLC@c20070709
801  0 @aCN@b上海图书馆@c20060815
905    @dA8@e118:3
    
    马列文论研究.第三集/全国马列文艺论著研究会主编.-北京:中国人民大学出版社,1982
    274页;21cm
    马克思恩格斯现实主义理论研究专集
    
    ISBN :CNY0.83
    
●
相关链接 在E读中查询图书 在五车中查询图书 在当当中查询图书 在豆瓣中查询图书


正题名:马列文论研究     索取号:A8/118:3         预约/预借

序号 登录号 条形码 馆藏地/架位号 状态 备注
1 0765861   207658612   第一样本阅览室/ [索取号:A8/118:3] 在馆    
唐山师范学院图书馆 欢迎您!
大连网信软件有限公司© 版权所有